| 000 | 01062nam a2200277 4500 | ||
|---|---|---|---|
| 001 | 116393 | ||
| 003 | ES-MaACL | ||
| 005 | 20231221183856.0 | ||
| 007 | t| | ||
| 008 | 061121s1977 sp r ||||1| spa d | ||
| 020 | _a84-253-0881-X | ||
| 100 | 1 |
_aOssorio y Gallardo, Ángel, _d1873-1946 _9138613 |
|
| 245 | 1 | 0 |
_aHistoria del pensamiento político catalán durante la guerra de España con la República francesa (1793-1795) / _cÁngel Ossorio y Gallardo. |
| 250 | _a1ª ed. | ||
| 260 |
_aBarcelona : _bGrijalbo, _c1977. |
||
| 300 |
_a344 p. ; _c19 cm. |
||
| 490 | 1 |
_aDimensiones hispánicas ; _v17 |
|
| 500 | _aApéndices: Algunos documentos de la "Junta General de Provincia"... Gerona, p. 309-310. | ||
| 504 | _aBibliografía: p. 341-344. | ||
| 650 | 4 |
_aGuerra de la primera coalición, 1792-1797- _xCampañas- _zEspaña. _9143162 |
|
| 651 | 4 |
_aCataluña- _xHistoria- _yS.XVIII. _98022 |
|
| 651 | 0 |
_aCataluña- _xHistoria- _yS.XIX. _98019 |
|
| 830 | 1 |
_aDimensiones hispánicas ; _v17 _9181544 |
|
| 852 |
_aES-MaACL _jA-7469 |
||
| 999 |
_c116393 _d116393 |
||